00457nam a22001577a 450000500170000000800410001702000180005804100120007608200150008810000120010324500690011525000180018426000430020230000290024565000250027420240910105248.0240910b |||||||| |||| 00| 0 eng d a9780409125566 aEnglish a346.5 BOT  lEnglish aEstate Planning and Fiduciary Services Guide / cM Botha et al.  aFirst Edition aDurban: bLexisNexis (Pty) Ltd, c2016 bix, 438 pages; c25 cm.  aLegal practice bLaw